000 004530000a22001930004500
001 002793
003 MACL
005 20150915112843.0
008 150915b xxu||||| |||| 00| 0 eng d
040 _aMACL
_cMACL
041 _aEnglish
082 _a823/LON
100 _aLondon, Jack
_910932
245 _aThe Sea Wolf
_cJack London
260 _aKolkata
_bMansi Publishing House
350 _a80
650 _aFiction
_910933
942 _k823
_cBK
_2ddc
999 _c14701
_d14701